| 000 | 00000nam##2200000za#4500 |
| 001 | 9.696776 |
| 003 | CaOODSP |
| 005 | 20210908130103 |
| 007 | cr ||||||||||| |
| 008 | 150407|2007||||xxc|||||o f|0| 0 eng|d |
| 040 | |aCaOODSP|beng |
| 043 | |an-cn--- |
| 086 | 1 |aPS64-96/2007E-PDF |
| 110 | 2 |aRoyal Canadian Mounted Police. |
| 245 | 10|aCurrent trends in firearms trafficking and smuggling in Canada / |h[electronic resource]|c[by] RCMP Criminal Intelligence. |
| 260 | |aOttawa - Ontario : |bRoyal Canadian Mounted Police |cNovember 23, 2007. |
| 300 | |a12p.|bfigs. |
| 590 | |a12-40-Supp|b2012-10-23 |
| 690 | 07|aCrime prevention|2gcpds |
| 690 | 07|aFirearms|2gcpds |
| 775 | 08|tTendances actuelles du trafic et de la contrebande d'armes à feu au Canada / |w(CaOODSP)9.640881 |
| 856 | 40|ahttp://publications.gc.ca|qPDF|s261 KB|uhttps://publications.gc.ca/collections/collection_2012/grc-rcmp/PS64-96-2007-eng.pdf |